000 00975nam a2200241 a 4500
001 000016833
005 20200929164953.0
008 100310s1998 dr 001 0 spa d
040 _aDO-SdBNP
_bspa
_cBNPHU
082 _a628.44
_bS471s
111 2 _aSeminario sobre residuos sólidos
_d(1998 ago. :
_cSanto Domingo, República Dominicana)
_937277
245 1 0 _aSeminario sobre residuos sólidos.
260 _aSanto Domingo :
_bBúho,
_c1998.
300 _a72 p. ;
_c21 cm.
490 1 _aAgenda Ambiental Dominicana
_v6
590 _aInventariado,2018/DG
650 4 _aBasuras y aprovechamiento de basuras
_xCongresos, conferencias, etc.
_937278
650 4 _aIngeniería sanitaria
_xCongresos, conferencias, etc.
_937279
650 4 _aSaneamiento urbano
_xCongresos, conferencias, etc.
_937280
650 4 _aAprovechamiento de residuos
_xCongresos, conferencias, etc.
_937281
830 0 _aAgenda Ambiental Dominicana
_n6
_937282
910 _aValidado. Control de calidad EMS
999 _c16365
_d16365